书目信息 |
| 题名: |
新居住榜样
|
|
| 作者: | ;北京瑞雅文化传播有限公司 编著 | |
| 分册: | A 客厅 楼梯 吧台 阳台 玄关 隔断 书房 | |
| 出版信息: | 北京 中国纺织出版社 2004.5 |
|
| 页数: | 80页 | |
| 开本: | 29cm | |
| 丛书名: | ||
| 单 册: | ||
| 中图分类: | TU241-64 | |
| 科图分类: | ||
| 主题词: | 住宅--zhu zhai--室内装饰 , 室内装饰--shi nei zhuang shi | |
| 电子资源: | ||
| ISBN: | 7-5064-2939-X | |
| 000 | 01082nam0 2200253 45 | |
| 001 | 012006000000 | |
| 005 | 20061226085628.06 | |
| 010 | @a7-5064-2939-X@dCNY29.80 | |
| 100 | @a20060709d2004 emky0chiy0121 ea | |
| 101 | 0 | @achi |
| 102 | @aCN@b110000 | |
| 105 | @aa z 000yy | |
| 200 | 1 | @a新居住榜样@Axin ju zhu bang yang@hA@i客厅 楼梯 吧台 阳台 玄关 隔断 书房@d= Creative life style@f北京瑞雅文化传播有限公司编著@zeng |
| 210 | @a北京@c中国纺织出版社@d2004.5 | |
| 215 | @a80页@d29cm | |
| 330 | @a本书分为客厅、楼梯、吧台、阳台、玄关、隔断、书房七个部分, 用近三百张图片展示客厅等不同装饰手段, 更从细微处着眼, 体现阳台、墙面等的独具个性的整全布局手法。 | |
| 510 | 1 | @aCreative life style@zeng |
| 517 | 1 | @a客厅 楼梯 吧台 阳台 玄关 隔断 书房@Ake ting lou ti ba tai yang tai xuan guan ge duan shu fang |
| 606 | 0 | @a住宅@Azhu zhai@x室内装饰 |
| 606 | 0 | @a室内装饰@Ashi nei zhuang shi |
| 690 | @aTU241-64@v4 | |
| 711 | 02 | @a北京瑞雅文化传播有限公司@Abei jing rui ya wen hua chuan bo you xian gong si@4编著 |
| 801 | 0 | @aCN@c20061226 |
| 905 | @a10447@dTU241-64@eB480 | |
| 新居住榜样.A.客厅 楼梯 吧台 阳台 玄关 隔断 书房= Creative life style/北京瑞雅文化传播有限公司编著.-北京:中国纺织出版社,2004.5 |
| 80页;29cm |
| ISBN 7-5064-2939-X:CNY29.80 |
| 本书分为客厅、楼梯、吧台、阳台、玄关、隔断、书房七个部分, 用近三百张图片展示客厅等不同装饰手段, 更从细微处着眼, 体现阳台、墙面等的独具个性的整全布局手法。 |
| ● |
| 相关链接 |
|
|
|
正题名:新居住榜样
索取号:TU241-64/B480
 
预约/预借
| 序号 | 登录号 | 条形码 | 馆藏地/架位号 | 状态 | 备注 |
| 1 | 641410 | 206414101 | 建筑库101/101建筑库 60排3列5层/ [索取号:TU241-64/B480] | 在馆 | |
| 2 | 641411 | 206414110 | 建筑库101/101建筑库 60排3列5层/ [索取号:TU241-64/B480] | 在馆 | |
| 3 | 641412 | 206414129 | 建筑库101/ [索取号:TU241-64/B480] | 在馆 |